000 00589nam a22001817a 4500
003 UA-OsUOA
001 12140
007 ta
008 20050424b un ||||| |||| 00| 0 ukr d
100 _aГандзюк Н.
942 _cSA
040 _aUA-OsUOA
_cUA-OsUOA
_dUA-OsUOA
245 _aНадійна підтримка інвесторів
_b[Динаміка інвестицій у Рівнен. обл. Статистика]
300 _aС.3
955 _a0
773 0 _w0
_tВісті Рівненщини
_dРівне
_d2005
_g№30/20 квіт./
650 7 _aІнвестиції
_2UDC
999 _c298301
_d298301